Top 20 African Countries by GDP Quiz Stats

 Plays Quiz not verified by Sporcle

Score 0/20 Timer 04:00
0 Plays Today
Rank Country % Correct
1South Africa
99.5%
2Egypt
98.4%
3Nigeria
97.5%
4Algeria
96.6%
5Morocco
95.6%
9Libya
93.1%
11Kenya
92.9%
7Tunisia
91.6%
8Sudan
90.3%
10Ethiopia
89.8%
Rank Country % Correct
19Democratic Republic of Congo
89.8%
13Tanzania
89.7%
12Ghana
88.3%
6Angola
85.2%
14Cameroon
80.1%
15Uganda
80%
16Cote d'Ivoire
78.7%
18Senegal
76.8%
17Botswana
76.5%
20Gabon
63.7%

You're not logged in!

Compare scores with friends on all Sporcle quizzes.
OR
Log In

Show Comments

Extras

Top Quizzes Today


Score Distribution

Your Account Isn't Verified!

In order to create a playlist on Sporcle, you need to verify the email address you used during registration. Go to your Sporcle Settings to finish the process.

Report this User

Report this user for behavior that violates our Community Guidelines.

Details: